000 00333nam a2200133Ia 4500
005 20260328104313.0
008 260328s9999||||xx |||||||||||||| ||und||
100 _aCosta, Joan
245 0 _aLa Comunicación 10 voces Esenciales /
_cJoan Costa
260 _bCPC editor
300 _a200 p.
650 _aCOMUNICACIÓN
942 _cBK
999 _c11030
_d11030